000 00517nam a2200169u 4500
001 000017992
005 20200929165315.0
008 830808s1966 ag 000 0 eng
010 _a66091811
040 _aDO-SdBNP
_cCarP
_dDLC
050 0 0 _aPQ7798.1.L94
_bH5
110 2 _aAlvarez Reynolds Mercedes. [from old catalog]
_939004
245 1 0 _aEl hilo de un fantastico sentido; :
_bpoemas.
260 _aBuenos Aires, :
_bEdiciones Airon,
_c1966.
300 _a42 p. ;
_c23 cm.
910 _aCatalogación por copia / LC
999 _c17514
_d17514